[Event "Lugano New op 2nd"]
[Site "Lugano"]
[Date "2008.03.14"]
[Round "4"]
[White "Salami, Marco"]
[Black "Kaenel, Hansjuerg"]
[Result "1/2-1/2"]
[WhiteElo "2241"]
[BlackElo "2380"]
[PlyCount "91"]
[EventDate "2008.03.13"]
[EventType "swiss"]
[EventRounds "7"]
[EventCountry "SUI"]
[SourceTitle "EXT 2010"]
[Source "ChessBase"]
[SourceDate "2010.11.25"]
[SourceVersion "1"]
[SourceVersionDate "2010.11.25"]
[SourceQuality "1"]

1. d4 Nf6 2. Nc3 d5 3. Bg5 Nbd7 4. Nf3 c6 5. e3 g6 6. Bd3 Bg7 7. 0-0 0-0 8. h3 Qb6 9. Rb1 Re8 10. Bf4 a5 11. Re1 Qa7 12. e4 dxe4 13. Nxe4 Nxe4 14. Bxe4 Nf6 15. Bd3 Bd7 16. c3 Rad8 17. Be5 b5 18. Qc2 a4 19. Nd2 Be6 20. Ra1 Ra8 21. Nf1 Qd7 22. Ng3 Bd5 23. Qe2 Rec8 24. Bf4 Ra7 25. Be5 Qb7 26. f4 e6 27. Qf2 Ne8 28. Bxg7 Nxg7 29. Ne4 Bxe4 30. Bxe4 Qd7 31. Rad1 Ne8 32. g4 f5 33. Bg2 Ng7 34. g5 Qb7 35. a3 Rd8 36. Re5 Rd6 37. Bf3 Qd7 38. Rde1 Rc7 39. Rc5 Rc8 40. Qg2 Rd5 41. Re5 Rd6 42. h4 Qe8 43. Qe2 Qd7 44. Qg2 Rc7 45. Kh2 Rc8 46. Kg1 1/2-1/2

[Event "Lugano op"]
[Site "Lugano"]
[Date "2007.11.18"]
[Round "4.7"]
[White "Launiau, Severin"]
[Black "Salami, Marco"]
[Result "0-1"]
[WhiteElo "2141"]
[BlackElo "2225"]
[PlyCount "102"]
[EventDate "2007.11.16"]
[EventType "swiss"]
[EventRounds "5"]
[EventCountry "SUI"]
[SourceTitle "CBM 121 Extra"]
[Source "ChessBase"]
[SourceDate "2008.01.10"]
[SourceVersion "1"]
[SourceVersionDate "2008.01.10"]
[SourceQuality "1"]

1. e4 e6 2. d4 d5 3. Bd3 h6 4. e5 c5 5. c3 Nc6 6. Nf3 Qb6 7. 0-0 Bd7 8. dxc5 Qc7 9. b4 Nxe5 10. Nxe5 Qxe5 11. Be3 Qc7 12. a4 Nf6 13. Nd2 Be7 14. Qf3 e5 15. Bb5 Kf8 16. Bxd7 Qxd7 17. h3 g5 18. Qg3 Qf5 19. Nf3 Nd7 20. Rad1 Qe6 21. Rfe1 f5 22. Bc1 f4 23. Qg4 Qxg4 24. hxg4 e4 25. Nd4 Ne5 26. Ne6+ Kf7 27. Nc7 Nd3 28. Rxd3 exd3 29. Nxa8 Rxa8 30. Rd1 a5 31. b5 Bxc5 32. Rxd3 Re8 33. Kf1 Re5 34. Bb2 Ke6 35. Rh3 Bf8 36. c4 Re4 37. cxd5+ Kxd5 38. Rd3+ Kc4 39. f3 Re3 40. Rd4+ Kb3 41. Bc1 Re6 42. g3 fxg3 43. f4 gxf4 44. Rxf4 Bb4 45. Kg2 Re2+ 46. Kxg3 Bd6 47. Kf3 Bxf4 48. Bxf4 Re6 49. Bc7 Kxa4 50. b6 Kb5 51. Kf4 Kc6 0-1

[Event "Rivarolo Mantovano Weekend 5th"]
[Site "Rivarolo Mantovano"]
[Date "2007.10.14"]
[Round "5"]
[White "Bozuffi, Italo"]
[Black "Salami, Marco"]
[Result "0-1"]
[WhiteElo "1882"]
[BlackElo "2225"]
[PlyCount "118"]
[EventDate "2007.10.12"]
[EventType "swiss"]
[EventRounds "5"]
[EventCountry "ITA"]
[SourceTitle "EXT 2010"]
[Source "ChessBase"]
[SourceDate "2010.11.25"]
[SourceVersion "1"]
[SourceVersionDate "2010.11.25"]
[SourceQuality "1"]

1. f4 d5 2. Nf3 Nh6 3. e3 g6 4. c3 Bg7 5. Be2 0-0 6. 0-0 c5 7. d4 b6 8. Na3 Bb7 9. Ng5 Qd7 10. Bd2 Nc6 11. Qe1 f6 12. Nh3 e5 13. fxe5 fxe5 14. e4 exd4 15. exd5 Rxf1+ 16. Bxf1 Ne7 17. c4 Re8 18. Bxh6 Bxh6 19. Qd1 Nf5 20. Qg4 Qe7 21. Nc2 Ne3 22. Nxe3 Qxe3+ 23. Kh1 Bc8 24. Qg3 Qxg3 25. hxg3 Bf5 26. Nf2 Re3 27. g4 Bd7 28. Rd1 a5 29. Bd3 Bf4 30. Ne4 Kg7 31. Nf2 Bg3 32. Kg1 Bxf2+ 33. Kxf2 Bxg4 34. Rd2 Kf6 35. Bc2 Ke5 36. Bd1 Bd7 37. Bc2 b5 38. b3 b4 39. Bb1 a4 40. Bc2 axb3 41. axb3 Bf5 42. Bd1 h5 43. Ra2 Rc3 44. Re2+ Kd6 45. Ra2 Rc1 46. Ra6+ Ke5 47. Bf3 Rc3 48. d6 Rxb3 49. Bc6 Rb2+ 50. Kg3 Kxd6 51. Kf4 Bc8 52. Bb7+ Kc7 53. Bxc8 Kxc8 54. Rc6+ Kd7 55. Rxc5 Rxg2 56. Rb5 d3 57. Rd5+ Kc6 58. Rxd3 g5+ 59. Ke3 Kc5 0-1

[Event "Rivarolo Mantovano Weekend 5th"]
[Site "Rivarolo Mantovano"]
[Date "2007.10.13"]
[Round "3"]
[White "Bonade, Massimo"]
[Black "Salami, Marco"]
[Result "1/2-1/2"]
[WhiteElo "2168"]
[BlackElo "2225"]
[PlyCount "62"]
[EventDate "2007.10.12"]
[EventType "swiss"]
[EventRounds "5"]
[EventCountry "ITA"]
[SourceTitle "EXT 2010"]
[Source "ChessBase"]
[SourceDate "2010.11.25"]
[SourceVersion "1"]
[SourceVersionDate "2010.11.25"]
[SourceQuality "1"]

1. d4 f5 2. g3 Nf6 3. Bg2 g6 4. Nf3 Bg7 5. 0-0 0-0 6. c4 d6 7. Nc3 c6 8. d5 e5 9. dxe6 Bxe6 10. b3 Na6 11. Bb2 Qe7 12. Ng5 Bd7 13. Qc2 Rad8 14. Rad1 Bc8 15. Rfe1 h6 16. Nh3 Qf7 17. Nf4 Nb4 18. Qc1 Ng4 19. a3 Na6 20. Rd2 g5 21. Nd3 Ne5 22. Nxe5 dxe5 23. Red1 Rxd2 24. Qxd2 Nc5 25. b4 Nb3 26. Qd6 Nd4 27. e3 Ne6 28. b5 f4 29. Ne4 Qf5 30. Qd2 Nd8 31. Nd6 Qg4 1/2-1/2

[Event "Rivarolo Mantovano Weekend 5th"]
[Site "Rivarolo Mantovano"]
[Date "2007.10.13"]
[Round "2"]
[White "Salami, Marco"]
[Black "Vitiello, Luigi"]
[Result "1-0"]
[WhiteElo "2225"]
[BlackElo "1383"]
[PlyCount "67"]
[EventDate "2007.10.12"]
[EventType "swiss"]
[EventRounds "5"]
[EventCountry "ITA"]
[SourceTitle "EXT 2010"]
[Source "ChessBase"]
[SourceDate "2010.11.25"]
[SourceVersion "1"]
[SourceVersionDate "2010.11.25"]
[SourceQuality "1"]

1. e4 e5 2. f4 Nf6 3. fxe5 Nxe4 4. Nf3 Ng5 5. d4 Be7 6. Bd3 0-0 7. 0-0 d5 8. exd6 Nxf3+ 9. Qxf3 Qxd6 10. c3 Nd7 11. Bf4 Qf6 12. Qe4 Qg6 13. Qe2 Qe6 14. Qxe6 fxe6 15. Bxc7 Bf6 16. Bc4 Nb8 17. Nd2 Nc6 18. Rae1 Rf7 19. Rxe6 Bxe6 20. Bxe6 Raf8 21. Ne4 Kh8 22. Bxf7 Rxf7 23. Bg3 Nxd4 24. cxd4 Bxd4+ 25. Bf2 Bxb2 26. Bxa7 Rxf1+ 27. Kxf1 Kg8 28. Bb6 Be5 29. g3 Kf7 30. Ke2 Ke7 31. Kd3 Kd7 32. Bd4 Bxd4 33. Kxd4 h6 34. Kd5 1-0

[Event "Crema op 09th"]
[Site "Crema"]
[Date "2007.09.09"]
[Round "5"]
[White "Salami, Marco"]
[Black "Capata, Ion"]
[Result "1-0"]
[WhiteElo "2225"]
[BlackElo "2142"]
[PlyCount "66"]
[EventDate "2007.09.07"]
[EventType "swiss"]
[EventRounds "6"]
[EventCountry "ITA"]
[SourceTitle "EXT 2009"]
[Source "ChessBase"]
[SourceDate "2008.11.26"]
[SourceVersion "1"]
[SourceVersionDate "2008.11.26"]
[SourceQuality "1"]

1. d4 d5 2. Nc3 Nf6 3. Bg5 Bf5 4. e3 e6 5. Bd3 Bxd3 6. cxd3 Be7 7. Nf3 0-0 8. 0-0 Nbd7 9. Rb1 h6 10. Bh4 g5 11. Bg3 Nh5 12. b4 Nxg3 13. hxg3 c6 14. Nd2 f5 15. f4 Nf6 16. Nf3 gxf4 17. gxf4 Ng4 18. Qd2 Kh7 19. Ne5 Nxe5 20. fxe5 Rg8 21. Ne2 Qd7 22. Rf3 Rg4 23. Nf4 Rag8 24. Rb2 Bg5 25. Qd1 Bxf4 26. exf4 Qd8 27. Qe1 Qb6 28. Qf2 Qa6 29. Qe1 Qb5 30. Qe3 Qa4 31. Rd2 R8g7 32. Qe1 R4g6 33. Kh2 b6 1-0

[Event "Emilia Romagna Province-ch"]
[Site "Formigine"]
[Date "2007.05.01"]
[Round "5"]
[White "Arnetta, Marianna"]
[Black "Salami, Marco"]
[Result "0-1"]
[WhiteElo "2039"]
[BlackElo "2218"]
[PlyCount "148"]
[EventDate "2007.04.28"]
[EventType "swiss"]
[EventRounds "6"]
[EventCountry "ITA"]
[SourceTitle "EXT 2009"]
[Source "ChessBase"]
[SourceDate "2008.11.26"]
[SourceVersion "1"]
[SourceVersionDate "2008.11.26"]
[SourceQuality "1"]

1. e4 e6 2. d4 d5 3. exd5 exd5 4. Bd3 Nc6 5. c3 Bd6 6. Nf3 Bg4 7. Be3 Nge7 8. Nbd2 Qd7 9. Qc2 0-0-0 10. 0-0-0 Bf5 11. h3 Bxd3 12. Qxd3 f6 13. Rde1 Ng6 14. Nb3 Kb8 15. Kb1 b6 16. Qa6 Ka8 17. Ka1 Nb8 18. Qd3 Qa4 19. Re2 Nc6 20. Rhe1 Kb7 21. g3 a6 22. Nfd2 Qb5 23. Qc2 a5 24. Nb1 a4 25. N3d2 Na5 26. Na3 Bxa3 27. bxa3 Rhe8 28. h4 Nf8 29. Qb1 Qa6 30. Qb4 Nc6 31. Qb2 Qd3 32. Nb1 Ra8 33. Bc1 Rxe2 34. Qxe2 Qxe2 35. Rxe2 h5 36. Kb2 Ng6 37. Kc2 Na5 38. Kd3 Rd8 39. Nd2 c5 40. Bb2 Nc6 41. Nf3 Na5 42. Nd2 cxd4 43. cxd4 Kc6 44. Re6+ Kb5 45. Nb1 Nc4 46. Nc3+ Ka6 47. Bc1 Ka5 48. f4 b5 49. Rc6 Ne7 50. Rc7 Nf5 51. Rc5 Nxg3 52. Rxb5+ Ka6 53. Rc5 Nb6 54. Bd2 Nf5 55. Be1 Rd7 56. Nxa4 Nxa4 57. Ra5+ Kb6 58. Rxa4 Re7 59. Rb4+ Kc6 60. Bd2 Nxh4 61. a4 Nf5 62. a5 Rb7 63. Rxb7 Kxb7 64. Be1 Ka6 65. Bf2 g5 66. fxg5 fxg5 67. Ke2 Kxa5 68. Kf3 Ka4 69. Kg2 Ka3 70. Be1 Nxd4 71. Bd2 Ne6 72. Kg3 Kxa2 73. Kf3 Kb3 74. Ke3 Kc2 0-1

[Event "Siena Magari Memorial 9th"]
[Site "Siena"]
[Date "2006.11.11"]
[Round "4"]
[White "Efimov, Igor"]
[Black "Salami, Marco"]
[Result "1/2-1/2"]
[WhiteElo "2412"]
[BlackElo "2187"]
[PlyCount "89"]
[EventDate "2006.11.10"]
[EventType "swiss"]
[EventRounds "6"]
[EventCountry "ITA"]
[SourceTitle "EXT 2024"]
[Source "ChessBase"]
[SourceDate "2023.10.10"]
[SourceVersion "1"]
[SourceVersionDate "2023.10.10"]
[SourceQuality "1"]

1. d4 f5 2. c4 Nf6 3. g3 d6 4. Nf3 g6 5. Bg2 Bg7 6. 0-0 0-0 7. Nc3 c6 8. d5 e5 9. dxe6 Bxe6 10. b3 Na6 11. Bf4 Nh5 12. Bg5 Qd7 13. Qd2 f4 14. Rad1 Rae8 15. Rfe1 Bh3 16. Nh4 h6 17. Nxg6 hxg5 18. Nxf8 Bxf8 19. Qd3 Bxg2 20. Qg6+ Ng7 21. Kxg2 Qf5 22. Qxf5 Nxf5 23. Kf3 Bg7 24. Ne4 Nd4+ 25. Rxd4 Bxd4 26. Nxd6 Rf8 27. g4 b6 28. Rd1 Bf6 29. Ne4 Kg7 30. Rd6 Nb4 31. h4 gxh4 32. g5 Be7 33. Rd7 Rf7 34. Kg4 Bf8 35. Rd2 Na6 36. Kxh4 Be7 37. Kh5 Nc5 38. Nd6 Bxd6 39. Rxd6 Ne4 40. Rg6+ Kf8 41. Rxc6 Nxf2 42. Kg6 Rg7+ 43. Kf5 Rf7+ 44. Kg6 Rg7+ 45. Kf5 1/2-1/2